Statystyki dla Quiz o mundialu 2018 Rosja

Kliknij tutaj aby rozwiązać quiz!

Ogólne statystyki

  • Ten quiz został rozwiązany 159 razy
  • Średni wynik to 7 z 7

Statystyki odpowiedzi

PytaniaOdpowiedzi% Poprawnych
Kto wygrał mundial
2018?
Francja
100%
Kto został wicemistrzem
Świata?
Chorwacja
98%
Czy Polska wyszła z grupy?Nie
98%
Jakie reprezentacja były z
Polską w grupie?
Kolumbia | Japonia | senegal
94%
W której grupie była polska?H
93%
Jaka reprezentacja zdobyła
Brązowy medal?
Belgia
89%
Faza w której odpadł gospodarz
Turnieju
Ćwierćfinał
89%

Rozkład punktacji

Percentyl według liczby udzielonych odpowiedzi

Procent ludzi z każdym wynikiem

Twoja historia wyników

Nie rozwiązałeś tego quizu